00548 a2200169 450000500170000001000150001702000310003203500140006303700160007708200130009324500510010625000090015726000850016627000870025130000220033870000180036020211209144516.0 aENG-130255 c2574.30a978-93-80077-17-8 aEN-113787 bDBAD / PUB a297.4092 aShams-e-Tabrizi:cTranslated by Farida Maleki  a2011 aNew Delhi bG.P.S. Bhalla, Secreatary, Science Of The Soul Research Centrec2011 aC/O Radha Soami Satsang Beas, 5 Guru Ravi Dass Marg, Pusa Road bNew Delhie110005 a353p.c23cm (hbk) aFarida Maleki